MLB Redraft - Statistics

General Stats
  • This quiz has been taken 9 times
  • The average score is 22 of 59
Answer Stats
Year Team Position Original Pick Best Pick % Correct
2023 Pirates SP Paul Skenes Paul Skenes
89%
2013 Yankees OF Mark Appel Aaron Judge
67%
2009 Angels OF Stephen Strasburg Mike Trout
67%
2010 Phillies OF Bryce Harper Bryce Harper
56%
2019 Orioles SS Adley Rutschman Gunnar Henderson
56%
2022 Orioles SS Jackson Holliday Jackson Holliday
56%
1976 Athletics LF Floyd Bannister Rickey Henderson
56%
1999 Cardinals 1B Josh Hamilton Albert Pujols
44%
1993 Yankees SS / 3B Alex Rodriguez Alex Rodriguez
44%
2005 Pirates CF Justin Upton Andrew McCutchen
44%
2008 Giants C Tim Beckham Buster Posey
44%
1978 Orioles SS Bob Horner Cal Ripken Jr
44%
2012 Twins SS Carlos Correa Carlos Correa
44%
1990 Braves 3B Chipper Jones Chipper Jones
44%
2006 Dodgers SP Luke Hochevar Clayton Kershaw
44%
1980 Mets LF Darryl Strawberry Darryl Strawberry
44%
1992 Yankees SS Phil Nevin Derek Jeter
44%
2007 Dodgers 1B David Price Freddie Freeman
44%
2017 Reds SP Royce Lewis Hunter Greene
44%
2021 Padres CF Henry Davis Jackson Merrill
44%
1996 Phillies SS Kris Benson Jimmy Rollins
44%
2001 Twins C Joe Mauer Joe Mauer
44%
1965 Reds C Rick Monday Johnny Bench
44%
2004 Tigers SP Matt Bush Justin Verlander
44%
1987 Mariners CF Ken Griffey Jr Ken Griffey Jr
44%
2015 Cubs RF Dansby Swanson Kyle Tucker
44%
2011 Dodgers SS Gerrit Cole Mookie Betts
44%
1983 Red Sox SP Tim Belcher Roger Clemens
44%
2020 Braves SP Spencer Torkelson Spencer Strider
44%
1981 Padres RF Mike Moore Tony Gwynn
44%
1982 Royals SP Shawon Dunston Brett Saberhagen
33%
1998 Yankees SP Patt Burrell CC Sabathia
33%
2000 Phillies 2B Adrian Gonzalez Chase Utley
33%
2016 Diamondbacks SP Mickey Moniak Corbin Burnes
33%
1984 Braves SP Shawn Abner Greg Maddux
33%
1989 Astros 1B Ben McDonald Jeff Bagwell
33%
1991 Guardians LF Brien Taylor Manny Ramirez
33%
1988 Dodgers C Andy Benes Mike Piazza
33%
1971 Phillies 3B Danny Goodwin Mike Schmidt
33%
1994 Red Sox SS Paul Wilson Nomar Garciaparra
33%
1979 Dodgers SP Al Chambers Orel Hershiser
33%
1977 Cardnials SS Harold Baines Ozzie Smith
33%
1973 Brewers SS David Clyde Robin Yount
33%
2018 Guardians LF Casey Mize Steven Kwan
33%
2014 Phillies SS Brady Aiken Trea Turner
33%
2002 Royals SP Bryan Bullington Zack Greinke
33%
1985 Giants LF BJ Surhoff Barry Bonds
22%
1972 Expos C Dave Roberts Gary Carter
22%
1997 Astros 1B / OF Matt Anderson Lance Berkman
22%
1966 Athletics OF Steven Chilcott Reggie Jackson
22%
1995 Blue Jays SP Darin Erstad Roy Halladay
22%
1969 Twins SP Jeff Burroughs Bert Blyleven
11%
1974 Braves CF Bill Almon Dale Murphy
11%
1986 Marlins RF Jeff King Gary Sheffield
11%
2003 Rangers 2B Delmon Young Ian Kinsler
11%
1975 Tigers 2B Danny Goodwin Lou Whitaker
11%
1970 Yankees CP Mike Ivie Rich Gossage
11%
1968 Yankees C Mike Foli Thurman Munson
11%
1967 Angels 2B Ron Blomberg Bobby Grich
0%
No matching quizzes found
Score Distribution
Percent of People with Each Score
Percentile by Number Answered
Your Score History
You have not taken this quiz